Adaptive Architecture: Changing Parameters and Practice / (Record no. 8477)

MARC details
000 -LEADER
fixed length control field 00785nam a22001817a 4500
003 - CONTROL NUMBER IDENTIFIER
control field OSt
005 - DATE AND TIME OF LATEST TRANSACTION
control field 20251228151107.0
008 - FIXED-LENGTH DATA ELEMENTS--GENERAL INFORMATION
fixed length control field 251228b |||||||| |||| 00| 0 eng d
020 ## - INTERNATIONAL STANDARD BOOK NUMBER
International Standard Book Number 9781138647275
040 ## - CATALOGING SOURCE
Transcribing agency n
082 ## - DEWEY DECIMAL CLASSIFICATION NUMBER
Classification number 729 P94 2017
245 ## - TITLE STATEMENT
Title Adaptive Architecture: Changing Parameters and Practice /
Statement of responsibility, etc. edited by Wolfgang F. E. Preiser (Editor), Andrea E. Hardy (Editor), Jacob J. Wilhelm (Editor)
260 ## - PUBLICATION, DISTRIBUTION, ETC.
Name of publisher, distributor, etc. New York. Routledge (Taylor & Francis) 2017
300 ## - PHYSICAL DESCRIPTION
Extent 302 p. 24 cm.
650 ## - SUBJECT ADDED ENTRY--TOPICAL TERM
Topical term or geographic name entry element Adaptive architecture | Sustainable building design | Responsive building systems | Architectural technology | Environmental design | Smart buildings
700 ## - ADDED ENTRY--PERSONAL NAME
Personal name Wolfgang F. E. Preiser (Editor), Andrea E. Hardy (Editor), Jacob J. Wilhelm (Editor)
942 ## - ADDED ENTRY ELEMENTS (KOHA)
Source of classification or shelving scheme Dewey Decimal Classification
Koha item type English Book
Suppress in OPAC No
Holdings
Withdrawn status Lost status Source of classification or shelving scheme Damaged status Not for loan Home library Current library Date acquired Total Checkouts Full call number Barcode Date last seen Price effective from Koha item type
    Dewey Decimal Classification     CENTRAL TUWAIQ 12/28/2025   729 P94 2017 1000000025680 12/28/2025 12/28/2025 English Book